Top 10 Smallest Economies in Asia - Statistics

General Stats
  • This quiz has been taken 222 times
  • The average score is 8 of 10
Answer Stats
GDP Country % Correct
6.40 bil Bhutan
88%
4.98 bil East Timor
86%
25.8 bil Tajikistan
82%
41.0 bil Laos
81%
5.40 bil Maldives
81%
33.7 bil Brunei
79%
21.0 bil Kyrgyzstan
79%
58.9 bil Cambodia
73%
37.0 bil Mongolia
72%
50.3 bil Syria
61%
No matching quizzes found
Score Distribution
Percent of People with Each Score
Percentile by Number Answered
Your Score History
You have not taken this quiz